Paul : (Record no. 8470)

MARC details
000 -LEADER
fixed length control field 00617nam a22001937a 4500
003 - CONTROL NUMBER IDENTIFIER
control field GBCCL
005 - DATE AND TIME OF LATEST TRANSACTION
control field 20241126110651.0
008 - FIXED-LENGTH DATA ELEMENTS--GENERAL INFORMATION
fixed length control field 210223b ||||| |||| 00| 0 eng d
020 ## - INTERNATIONAL STANDARD BOOK NUMBER
International Standard Book Number 0875526489 (paper)
040 ## - CATALOGING SOURCE
Transcribing agency gbc
082 ## - DEWEY DECIMAL CLASSIFICATION NUMBER
Classification number 225.92
Item number BRU
100 ## - MAIN ENTRY--PERSONAL NAME
Personal name Bruggen, J. van,
Dates associated with a name 1936-
9 (RLIN) 14853
245 ## - TITLE STATEMENT
Title Paul :
Remainder of title pioneer for Israel's Messiah /
Statement of responsibility, etc. Jakob van Bruggen ; translated by Ed M. Van Der Maas.
260 ## - PUBLICATION, DISTRIBUTION, ETC.
Place of publication, distribution, etc. Phillipsburg, N.J. :
Name of publisher, distributor, etc. P&R Pub.,
Date of publication, distribution, etc. c2005.
300 ## - PHYSICAL DESCRIPTION
Extent xix, 411 p. :
Other physical details maps ;
Dimensions 23 cm.
650 ## - SUBJECT ADDED ENTRY--TOPICAL TERM
Topical term or geographic name entry element Paul,
Form subdivision the Apostle, Saint.
9 (RLIN) 14810
650 ## - SUBJECT ADDED ENTRY--TOPICAL TERM
Topical term or geographic name entry element Apostles
Form subdivision Biography.
9 (RLIN) 14854
942 ## - ADDED ENTRY ELEMENTS (KOHA)
Source of classification or shelving scheme Dewey Decimal Classification
Koha item type Books
Koha issues (borrowed), all copies 12
Holdings
Withdrawn status Lost status Source of classification or shelving scheme Damaged status Not for loan Home library Current Library Shelving location Date acquired Total checkouts Total renewals Full call number Barcode Date last seen Date last checked out Copy number Price effective from Koha item type
    Dewey Decimal Classification     GRACE BIBLE COLLEGE GRACE BIBLE COLLEGE Biblical Studies 2021-02-23 18 1 225.92 BRU 020102 2026-03-02 2026-02-26 c.1 2021-02-23 Books
© Grace Bible College Library 2025